| 000 | 00499nam a2200157Ia 4500 | ||
|---|---|---|---|
| 003 | SGT | ||
| 082 |
_a621.3819582 _bRAB |
||
| 100 | _aRabaey,Jan m | ||
| 245 | _aTheory and application of digital signal processing | ||
| 260 |
_bPHI Learning Private Limited _aNew Delhi _c1976 |
||
| 300 | _a762p. | ||
| 650 | _aELECTRONICS ENGINEERING | ||
| 653 | _aDISCRETE-TIME LINER SYSTEMS,DIGITAL FILTERS,INFINITE IMPULSE RESPONSE DIGITAL FILTERS,DIGITAL HARDWARE,DSP | ||
| 700 | _aGold,Bernard | ||
| 942 |
_2ddc _cBK |
||
| 999 |
_c5432 _d5432 |
||